00529nam a22001937a 4500003000400000005001700004008004100021020002200062040001000084080001100094100003300105245005000138250001100188260004900199300002400248504003600272650001400308650001300322OSt20250908160844.0250908t2008 sp ||||r|||| 00| 0 spa d a978-84-9019-565-9 cBesoc 0141.721 aVarela, Nuria,d1967-eautor10aFeminismo para principiantes /cNuria Varela. a1a ed. aBarcelona :bEdiciones en Dos Ruedas,c2008. a[474 p. ] :c21 cm. aIncluye bibliografía y notas. 4aFeminismo 4aHistoria